| 000 | 00386nam a2200145Ia 4500 | ||
|---|---|---|---|
| 008 | 230917s9999||||xx |||||||||||||| ||und|| | ||
| 040 |
_e62997 _aMAIN |
||
| 041 | _aEnglish | ||
| 082 | _a005.1 M455S | ||
| 100 | _aMayrhauser, Anneliese Von | ||
| 245 | 0 | _aSoftware engineering: methods and management | |
| 260 |
_aBoston _bAcademic Press _c1990 |
||
| 300 | _axxviii, 864 p. | ||
| 942 | _cBK | ||
| 999 |
_c76591 _d76591 |
||